Ordenanza fiscal del arbitrio sobre la riqueza provincial / Diputación Provincial de Barcelona
Descripción Física:
46 p. ; 23 cm
MARC
| LEADER | 00000nam a2200000Ia 4500 | ||
|---|---|---|---|
| 001 | 8233 | ||
| 008 | 160829s1954 xx 000 0 cat d | ||
| 080 | |a FU-8-44 | ||
| 110 | 1 | |a Barcelona (Catalunya : Província). |b Diputació |9 52408 | |
| 245 | |a Ordenanza fiscal del arbitrio sobre la riqueza provincial / Diputación Provincial de Barcelona | ||
| 260 | |a Barcelona : |b (Imp. Casa Caritat), |c 1954 | ||
| 300 | |a 46 p. ; |c 23 cm | ||
| 590 | |a Hi ha un duplicat: DUP-21-37 | ||
| 650 | 0 | |a Impostos locals |x Barcelona (Catalunya : Província) |9 22985 | |
| 856 | 4 | |u https://media.diba.cat/diba/fitxers/arxiu/fulletons/bib_8233_baixa.pdf |y Accés lliure | |
| 856 | 4 | |u https://media.diba.cat/diba/fitxers/arxiu/fulletons/bib_8233_baixa.pdf |y Accés lliure | |
| 901 | |a Arxiu | ||
| 942 | |n 1 |2 udc | ||
| 952 | |0 0 |1 0 |4 0 |6 FU844 |7 1 |9 42422 |a Arxiu |b Arxiu |d 2016-12-01 |l 0 |o FU-8-44 |p 8233 |r 2016-12-01 00:00:00 |w 2016-12-01 |y ARXIU | ||
| 999 | |c 44927 |d 44927 | ||
| 900 | |a bib_8233_baixa.pdf | ||